[Event "Titled Tuesday intern op 21st Feb Early"]
[Site "Chess.com INT"]
[Date "2023.02.21"]
[Round "3"]
[White "Bashirli, Saadat"]
[Black "Lerch, Philipp"]
[Result "0-1"]
[WhiteElo "1597"]
[BlackElo "2305"]
[PlyCount "72"]
[EventDate "2023.02.21"]
[EventType "swiss (blitz)"]
[EventRounds "11"]
[EventCountry "USA"]
[SourceTitle "CBM 212 Extra"]
[Source "ChessBase"]
[SourceDate "2023.03.31"]
[SourceVersion "1"]
[SourceVersionDate "2023.03.31"]
[SourceQuality "1"]

1. e4 c6 2. d4 d5 3. exd5 cxd5 4. Bd3 Nc6 5. c3 Qc7 6. Ne2 Bg4 7. 0-0 e6 8. Nd2 Bd6 9. h3 Bh5 10. Qa4 Nge7 11. Re1 Bg6 12. Bxg6 hxg6 13. Nf3 f6 14. Bd2 g5 15. Nc1 Kf7 16. Nd3 a6 17. Qc2 b5 18. Bxg5 Nf5 19. Be3 Rag8 20. Re2 g5 21. Rae1 g4 22. hxg4 Rxg4 23. Bd2 Rhg8 24. Rxe6 Rxg2+ 25. Kf1 Nh4 26. Rxf6+ Kxf6 27. Nxh4 Rg1+ 28. Ke2 Nxd4+ 29. cxd4 Qxc2 30. Rxg1 Rxg1 31. Nf3 Qd1+ 32. Ke3 Rg4 33. Nde5 Re4+ 34. Kd3 Qb1+ 35. Kc3 b4+ 36. Kb3 Qd1# 0-1

[Event "Titled Tuesday intern op 21st Feb Late"]
[Site "Chess.com INT"]
[Date "2023.02.21"]
[Round "5"]
[White "Lerch, Philipp"]
[Black "Klenburg, Mikhail"]
[Result "0-1"]
[WhiteElo "2305"]
[BlackElo "2325"]
[PlyCount "58"]
[EventDate "2023.02.21"]
[EventType "swiss (blitz)"]
[EventRounds "11"]
[EventCountry "USA"]
[SourceTitle "CBM 212 Extra"]
[Source "ChessBase"]
[SourceDate "2023.03.31"]
[SourceVersion "1"]
[SourceVersionDate "2023.03.31"]
[SourceQuality "1"]

1. Nf3 Nf6 2. g3 g6 3. Bg2 Bg7 4. 0-0 0-0 5. d4 d6 6. c4 Nbd7 7. Nc3 e5 8. e4 exd4 9. Nxd4 Re8 10. h3 a6 11. Re1 Rb8 12. Bg5 h6 13. Be3 Ne5 14. b3 c5 15. Nc2 b5 16. f4 Ned7 17. Qd3 b4 18. Ne2 Bb7 19. Qxd6 Nxe4 20. Bxe4 Bxe4 21. Rac1 Qc8 22. Red1 Nf6 23. Kh2 Bxc2 24. Rxc2 Rxe3 25. Ng1 Rxg3 26. Qxb8 Qxb8 27. Kxg3 Nh5+ 28. Kg2 Qxf4 29. Nf3 Qg3+ 0-1

[Event "Titled Tuesday intern op 21st Feb Early"]
[Site "Chess.com INT"]
[Date "2023.02.21"]
[Round "5"]
[White "Orlov, Georgi"]
[Black "Lerch, Philipp"]
[Result "1-0"]
[WhiteElo "2453"]
[BlackElo "2305"]
[PlyCount "123"]
[EventDate "2023.02.21"]
[EventType "swiss (blitz)"]
[EventRounds "11"]
[EventCountry "USA"]
[SourceTitle "CBM 212 Extra"]
[Source "ChessBase"]
[SourceDate "2023.03.31"]
[SourceVersion "1"]
[SourceVersionDate "2023.03.31"]
[SourceQuality "1"]

1. e4 c6 2. Nf3 d5 3. Nc3 Bg4 4. h3 Bxf3 5. Qxf3 e6 6. d4 dxe4 7. Qxe4 Nf6 8. Qh4 Be7 9. Bd3 h6 10. Bd2 Nbd7 11. 0-0-0 Qb6 12. Be3 Nd5 13. Nxd5 cxd5 14. Qg3 Bf6 15. c3 Qa5 16. Kb1 b5 17. Qd6 Be7 18. Qc6 Rb8 19. Bf4 Qb6 20. Qxb6 Rxb6 21. Kc2 0-0 22. Kd2 Rc8 23. Rc1 a5 24. h4 b4 25. c4 dxc4 26. Rxc4 Rxc4 27. Bxc4 Bd6 28. Be3 Rb8 29. Rc1 Nf6 30. Kd3 Kf8 31. Bb3 Ke7 32. Rc6 Ra8 33. Rb6 Bc7 34. Rb7 Kd7 35. Ba4+ Kc8 36. Rb5 Nd5 37. g3 Nb6 38. Bb3 Kd7 39. a4 bxa3 40. bxa3 a4 41. Ba2 Nc8 42. d5 Bd6 43. dxe6+ fxe6 44. Bc1 Kc6 45. Rb1 Bc5 46. Ke2 Kd6 47. Bb2 e5 48. Rd1+ Ke7 49. Rd5 Bd6 50. Rb5 Rb8 51. Rxb8 Bxb8 52. Kd3 Nb6 53. Ke4 Bd6 54. h5 Nd7 55. Kf5 Nc5 56. g4 Nd3 57. Bc3 Bxa3 58. f4 exf4 59. Bxg7 f3 60. Bc4 Nc5 61. Bxh6 f2 62. Be3 1-0

[Event "Titled Tuesday intern op 21st Feb Early"]
[Site "Chess.com INT"]
[Date "2023.02.21"]
[Round "7"]
[White "Sai, Han Thiha"]
[Black "Lerch, Philipp"]
[Result "0-1"]
[WhiteElo "2070"]
[BlackElo "2305"]
[PlyCount "56"]
[EventDate "2023.02.21"]
[EventType "swiss (blitz)"]
[EventRounds "11"]
[EventCountry "USA"]
[SourceTitle "CBM 212 Extra"]
[Source "ChessBase"]
[SourceDate "2023.03.31"]
[SourceVersion "1"]
[SourceVersionDate "2023.03.31"]
[SourceQuality "1"]

1. d4 f5 2. Nf3 Nf6 3. Bf4 d5 4. e3 c6 5. c4 e6 6. Nc3 Be7 7. Bd3 0-0 8. 0-0 Ne4 9. h3 Nd7 10. Rc1 Ndf6 11. Ne2 Bd7 12. Bh2 Be8 13. Nf4 Bf7 14. Be2 g5 15. Nd3 h5 16. Nfe5 g4 17. f3 g3 18. fxe4 gxh2+ 19. Kxh2 dxe4 20. Nf4 Bd6 21. Qe1 Bxe5 22. dxe5 Nd7 23. Rd1 Qe7 24. Qg3+ Kh7 25. Bxh5 Rg8 26. Qf2 Bxh5 27. Nxh5 Nxe5 28. Qf4 Ng6 0-1

[Event "Chess.com Bullet op2"]
[Site "Chess.com INT"]
[Date "2020.12.19"]
[Round "11"]
[White "Jakubowska, Anna"]
[Black "Lerch, Philipp"]
[Result "1-0"]
[WhiteElo "2073"]
[BlackElo "2305"]
[PlyCount "61"]
[EventDate "2020.12.19"]
[EventType "swiss (blitz)"]
[EventRounds "21"]
[EventCountry "USA"]
[SourceTitle "EXT 2022"]
[Source "ChessBase"]
[SourceDate "2021.10.06"]
[SourceVersion "1"]
[SourceVersionDate "2021.10.06"]
[SourceQuality "1"]

1. e4 g6 2. d4 Bg7 3. Nc3 h6 4. g3 e6 5. Bg2 Ne7 6. Nge2 d6 7. 0-0 Nd7 8. Be3 b6 9. Qd2 Bb7 10. Rad1 a6 11. h3 c6 12. a4 Qc7 13. f4 0-0-0 14. d5 exd5 15. exd5 c5 16. b4 Nf5 17. bxc5 bxc5 18. Bf2 h5 19. Ne4 Nf6 20. Nxf6 Bxf6 21. Rb1 Rhe8 22. Nc1 Rd7 23. Nb3 Kd8 24. Na5 Qc8 25. Nc6+ Bxc6 26. dxc6 Rc7 27. g4 Nd4 28. c3 Ne6 29. Qxd6+ Rd7 30. cxd7 Qxd7 31. Rb8# 1-0

[Event "Chess.com Bullet op2"]
[Site "Chess.com INT"]
[Date "2020.12.19"]
[Round "19"]
[White "Lerch, Philipp"]
[Black "Vovk, Orest"]
[Result "0-1"]
[WhiteElo "2305"]
[BlackElo "2315"]
[PlyCount "110"]
[EventDate "2020.12.19"]
[EventType "swiss (blitz)"]
[EventRounds "21"]
[EventCountry "USA"]
[SourceTitle "EXT 2022"]
[Source "ChessBase"]
[SourceDate "2021.10.06"]
[SourceVersion "1"]
[SourceVersionDate "2021.10.06"]
[SourceQuality "1"]

1. Nf3 g5 2. e3 g4 3. Ne5 h5 4. c4 d6 5. Nd3 Bg7 6. Nc3 c5 7. Qc2 Nc6 8. b3 Bf5 9. a3 Nf6 10. Bb2 Ne5 11. f3 Nxd3+ 12. Bxd3 Bxd3 13. Qxd3 gxf3 14. gxf3 Nd7 15. 0-0-0 Ne5 16. Qc2 Qd7 17. Nd5 e6 18. f4 exd5 19. cxd5 Qe7 20. fxe5 Bxe5 21. d4 cxd4 22. exd4 Bf4+ 23. Kb1 Kf8 24. Rdf1 Bg5 25. Rf3 f6 26. Rhf1 h4 27. Qf5 Qh7 28. Qxh7 Rxh7 29. Bc1 Kg7 30. Bxg5 fxg5 31. Rf7+ Kg8 32. Rxh7 Kxh7 33. Rf7+ Kg6 34. Rxb7 g4 35. Rd7 g3 36. hxg3 hxg3 37. Re7 g2 38. Re1 Rf8 39. Kc2 Rf1 40. Re6+ Kf5 41. Rxd6 g1Q 42. Kc3 Qe3+ 43. Kc4 Rc1+ 44. Kb5 Qxd4 45. Rd8 Qc5+ 46. Ka4 a6 47. Rb8 Rc3 48. Rb4 a5 49. Rb5 Qd6 50. Kxa5 Rc5 51. a4 Rxb5+ 52. axb5 Qxd5 53. Ka6 Ke6 54. b6 Kd7 55. b7 Kc7 0-1

[Event "Chess.com Bullet op2"]
[Site "Chess.com INT"]
[Date "2020.12.19"]
[Round "7"]
[White "Lerch, Philipp"]
[Black "Warchol, Kamil"]
[Result "1-0"]
[WhiteElo "2305"]
[BlackElo "1855"]
[PlyCount "87"]
[EventDate "2020.12.19"]
[EventType "swiss (blitz)"]
[EventRounds "21"]
[EventCountry "USA"]
[SourceTitle "EXT 2022"]
[Source "ChessBase"]
[SourceDate "2021.10.06"]
[SourceVersion "1"]
[SourceVersionDate "2021.10.06"]
[SourceQuality "1"]

1. Nf3 c5 2. e3 Nc6 3. c4 d6 4. b3 Nf6 5. Bb2 e5 6. Qc2 Be7 7. a3 0-0 8. Nc3 Re8 9. Ng5 h6 10. h4 Bf8 11. Nd5 e4 12. Nxf6+ gxf6 13. Nxe4 Bf5 14. Bd3 Bg7 15. Nxf6+ Bxf6 16. Bxf5 Ne5 17. Rh3 Kh8 18. 0-0-0 Rg8 19. Kb1 Qe7 20. d4 Nc6 21. d5 Ne5 22. f4 Ng6 23. h5 Nf8 24. e4 Bxb2 25. Qxb2+ f6 26. Re3 Nh7 27. e5 fxe5 28. fxe5 dxe5 29. Rxe5 Qg7 30. Re7 Qxb2+ 31. Kxb2 Rg7 32. Rde1 Rag8 33. Bg6 Rxe7 34. Rxe7 Rg7 35. Re8+ Rg8 36. Re7 Rg7 37. Rxg7 Kxg7 38. Bxh7 Kxh7 39. d6 Kg7 40. d7 Kf7 41. d8Q Ke6 42. Qe8+ Kf5 43. Qf8+ Kg4 44. Qg8+ 1-0

[Event "Chess.com Bullet op2"]
[Site "Chess.com INT"]
[Date "2020.12.19"]
[Round "17"]
[White "Zhou, Qiyu"]
[Black "Lerch, Philipp"]
[Result "0-1"]
[WhiteElo "2229"]
[BlackElo "2305"]
[PlyCount "56"]
[EventDate "2020.12.19"]
[EventType "swiss (blitz)"]
[EventRounds "21"]
[EventCountry "USA"]
[SourceTitle "EXT 2022"]
[Source "ChessBase"]
[SourceDate "2021.10.06"]
[SourceVersion "1"]
[SourceVersionDate "2021.10.06"]
[SourceQuality "1"]

1. e4 g6 2. d4 Bg7 3. Nc3 e6 4. Be3 Ne7 5. f3 h6 6. Qd2 d5 7. 0-0-0 Nbc6 8. Nge2 dxe4 9. fxe4 Bd7 10. g3 Na5 11. Nf4 b5 12. Kb1 Nc4 13. Bxc4 bxc4 14. e5 Rb8 15. Ka1 c6 16. Qe2 Qb6 17. Rb1 Qa6 18. Ne4 Nf5 19. g4 Nxe3 20. Qxe3 0-0 21. Nf6+ Bxf6 22. exf6 Kh7 23. g5 h5 24. Qh3 Rb6 25. Nxh5 gxh5 26. Qxh5+ Kg8 27. Qh6 Qxa2+ 28. Kxa2 Ra6# 0-1

[Event "Titled Tuesday intern op 15st Dec"]
[Site "Chess.com INT"]
[Date "2020.12.15"]
[Round "9"]
[White "Tsyhanchuk, Stanislav"]
[Black "Lerch, Philipp"]
[Result "0-1"]
[WhiteElo "2322"]
[BlackElo "2305"]
[PlyCount "42"]
[EventDate "2020.12.15"]
[EventType "swiss (blitz)"]
[EventRounds "11"]
[EventCountry "USA"]
[SourceTitle "CBM 199 Extra"]
[Source "ChessBase"]
[SourceDate "2021.01.31"]
[SourceVersion "1"]
[SourceVersionDate "2021.01.31"]
[SourceQuality "1"]

1. e4 c6 2. Nf3 d5 3. exd5 cxd5 4. Nc3 Nc6 5. Be2 Bg4 6. 0-0 e6 7. d4 Bd6 8. h3 Bh5 9. Be3 Nge7 10. Nb5 Bb8 11. c4 a6 12. Nc3 dxc4 13. Bxc4 Qc7 14. g4 Bg6 15. Rc1 h5 16. g5 Nf5 17. d5 Nxe3 18. Qe2 Nd4 19. Qxe3 Nxf3+ 20. Kg2 Nh4+ 21. Kg1 Qh2# 0-1

[Event "BL2-Nord 1718"]
[Site "Germany"]
[Date "2017.10.08"]
[Round "1.1"]
[White "Abel, Dennes"]
[Black "Lerch, Philipp"]
[Result "1-0"]
[WhiteElo "2458"]
[BlackElo "2334"]
[PlyCount "123"]
[EventDate "2017.10.08"]
[EventType "team-tourn"]
[EventRounds "9"]
[EventCountry "GER"]
[SourceTitle "CBM 183 Extra"]
[Source "ChessBase"]
[SourceDate "2018.04.19"]
[SourceVersion "1"]
[SourceVersionDate "2018.04.19"]
[SourceQuality "1"]
[WhiteTeam "Berlin SF II"]
[BlackTeam "Kreuzberg"]
[WhiteTeamCountry "GER"]
[BlackTeamCountry "GER"]

1. Nf3 f5 2. b3 d6 3. d4 Nf6 4. Bb2 g6 5. g3 Bg7 6. Bg2 Ne4 7. Nbd2 0-0 8. 0-0 Nxd2 9. Qxd2 Nd7 10. c4 Nf6 11. d5 Ne4 12. Qc2 Bxb2 13. Qxb2 e5 14. dxe6 Bxe6 15. Nd2 Nxd2 16. Qxd2 Rb8 17. Rac1 Qe7 18. Rc3 Bf7 19. e3 Qe5 20. Rfc1 b6 21. Rd3 a5 22. a3 Rfe8 23. b4 axb4 24. axb4 Re7 25. Bd5 Rf8 26. c5 bxc5 27. bxc5 dxc5 28. Bxf7+ Rfxf7 29. Rd8+ Kg7 30. Rd5 Qf6 31. Rdxc5 Rd7 32. Qa5 Qb6 33. Qc3+ Qf6 34. Qc4 Qd8 35. Qa4 Qf6 36. Kg2 Qb2 37. Qf4 Qb7+ 38. Kg1 Qb6 39. h4 Qd6 40. Qf3 Qe7 41. Rc6 Qe4 42. Qe2 Qe5 43. Qc4 Rfe7 44. h5 Qe4 45. Qc3+ Qe5 46. Qxe5+ Rxe5 47. Rxc7 Rxc7 48. Rxc7+ Kh6 49. hxg6 hxg6 50. Kg2 Ra5 51. Rc4 Ra2 52. g4 Kg5 53. Kg3 Ra1 54. Kf3 Ra2 55. Rd4 Rb2 56. Kg3 Rb1 57. Kf3 Rb2 58. Ra4 Rc2 59. Kg3 Rc1 60. f4+ Kh6 61. Kf3 Kg7 62. Ra7+ 1-0

[Event "Oberliga Nord O 1617"]
[Site "Germany"]
[Date "2017.04.23"]
[Round "8.1"]
[White "Lerch, Philipp"]
[Black "Penzold, Andreas"]
[Result "1/2-1/2"]
[WhiteElo "2306"]
[BlackElo "2423"]
[PlyCount "105"]
[EventDate "2016.10.16"]
[EventType "team-tourn"]
[EventRounds "9"]
[EventCountry "GER"]
[SourceTitle "EXT 2018"]
[Source "ChessBase"]
[SourceDate "2017.10.13"]
[SourceVersion "1"]
[SourceVersionDate "2017.10.13"]
[SourceQuality "1"]
[WhiteTeam "Kreuzberg"]
[BlackTeam "Potsdam Empor"]
[WhiteTeamCountry "GER"]
[BlackTeamCountry "GER"]

1. Nf3 g6 2. d4 Nf6 3. Bg5 Bg7 4. Nbd2 h6 5. Bh4 c5 6. e3 b6 7. Bc4 d5 8. Bb5+ Bd7 9. Qe2 a6 10. Bxd7+ Nbxd7 11. 0-0 0-0 12. Rfd1 Qc8 13. Rac1 b5 14. e4 cxd4 15. Nxd4 e5 16. N4f3 dxe4 17. Nxe4 Nxe4 18. Qxe4 Nc5 19. Qe2 Re8 20. Bg3 e4 21. Nd4 Ne6 22. Nxe6 Qxe6 23. c4 bxc4 24. Rxc4 e3 25. b3 exf2+ 26. Qxf2 Rad8 27. Rxd8 Rxd8 28. Qf3 Rd2 29. a4 Bd4+ 30. Kh1 Qf5 31. Rc1 Qxf3 32. gxf3 Rd3 33. Rc8+ Kg7 34. Rd8 Rd1+ 35. Kg2 Rd2+ 36. Kf1 Bc3 37. Rxd2 Bxd2 38. Ke2 Bb4 39. Kd3 Kf6 40. Kc4 Bd2 41. b4 Kf5 42. b5 axb5+ 43. axb5 Be3 44. Kd5 g5 45. Kc6 h5 46. b6 Bxb6 47. Kxb6 g4 48. Kc5 gxf3 49. Kd4 Kg4 50. Ke3 f5 51. Bc7 h4 52. Kf2 f4 53. Kg1 1/2-1/2

[Event "Oberliga Nord O 1617"]
[Site "Germany"]
[Date "2017.01.15"]
[Round "4.1"]
[White "Lerch, Philipp"]
[Black "Ermitsch, Michael"]
[Result "1-0"]
[WhiteElo "2306"]
[BlackElo "2179"]
[PlyCount "69"]
[EventDate "2016.10.16"]
[EventType "team-tourn"]
[EventRounds "9"]
[EventCountry "GER"]
[SourceTitle "EXT 2018"]
[Source "ChessBase"]
[SourceDate "2017.10.13"]
[SourceVersion "1"]
[SourceVersionDate "2017.10.13"]
[SourceQuality "1"]
[WhiteTeam "Kreuzberg"]
[BlackTeam "Oranienburg"]
[WhiteTeamCountry "GER"]
[BlackTeamCountry "GER"]

1. Nf3 g6 2. d4 Bg7 3. Bg5 c5 4. c3 Qb6 5. Qc1 d5 6. e3 Bf5 7. Nbd2 Nd7 8. a4 Rc8 9. a5 Qe6 10. dxc5 Nxc5 11. Bb5+ Kf8 12. 0-0 h6 13. Bh4 Nd3 14. Bxd3 Bxd3 15. Re1 f5 16. Bg3 Nf6 17. Ne5 Qa6 18. Nxg6+ Kf7 19. Nxh8+ Rxh8 20. Qd1 Ne4 21. Qh5+ Qg6 22. Qxg6+ Kxg6 23. Nf3 Nxg3 24. hxg3 Rc8 25. Red1 Bc4 26. Ra3 e6 27. Nd4 e5 28. Nf3 Kf6 29. b3 Be2 30. Rxd5 Rxc3 31. Ra2 Bxf3 32. gxf3 Rxb3 33. Rc2 Ke6 34. Rd8 Bf6 35. Rb8 1-0

[Event "Oberliga Nord O 1617"]
[Site "Germany"]
[Date "2016.12.04"]
[Round "3.1"]
[White "Lerch, Philipp"]
[Black "Foerster, Jonas"]
[Result "0-1"]
[WhiteElo "2306"]
[BlackElo "2326"]
[PlyCount "142"]
[EventDate "2016.10.16"]
[EventType "team-tourn"]
[EventRounds "9"]
[EventCountry "GER"]
[SourceTitle "EXT 2018"]
[Source "ChessBase"]
[SourceDate "2017.10.13"]
[SourceVersion "1"]
[SourceVersionDate "2017.10.13"]
[SourceQuality "1"]
[WhiteTeam "Kreuzberg"]
[BlackTeam "Berlin Empor"]
[WhiteTeamCountry "GER"]
[BlackTeamCountry "GER"]

1. Nf3 Nf6 2. b3 d6 3. Bb2 e5 4. d3 Bg4 5. Nbd2 Nc6 6. h3 Be6 7. e4 Be7 8. Be2 Nd7 9. Nc4 Bxc4 10. bxc4 0-0 11. 0-0 Nc5 12. c3 Qd7 13. Qc2 f5 14. Nd2 Bg5 15. d4 Nxe4 16. Nxe4 fxe4 17. Qxe4 Rae8 18. Bg4 Qf7 19. d5 Na5 20. Be6 Rxe6 21. dxe6 Qxe6 22. Qd5 Qxd5 23. cxd5 Bd2 24. Rad1 Nc4 25. Bc1 Bxc3 26. Be3 Ba5 27. Rb1 Nxe3 28. fxe3 Bb6 29. Rxf8+ Kxf8 30. Kf2 c6 31. dxc6 bxc6 32. Rc1 Bc5 33. Ke2 Ke7 34. Kd3 Kd7 35. e4 Bb6 36. Rf1 Ke7 37. Kc4 Bc5 38. Rb1 Bb6 39. Rf1 Bc5 40. g4 g5 41. Rh1 Kf7 42. a4 Bb6 43. Ra1 Ke6 44. a5 d5+ 45. Kd3 Bd4 46. Rf1 c5 47. exd5+ Kxd5 48. Rf7 c4+ 49. Kc2 h6 50. Rh7 e4 51. Rxh6 e3 52. Rg6 Ke4 53. Re6+ Kf3 54. Kd1 c3 55. Re7 Bc5 56. Rf7+ Ke4 57. Rc7 Kd5 58. Rc8 a6 59. Kc2 Kc4 60. Ra8 Bd6 61. Rc8+ Bc5 62. Re8 Kd4 63. Rd8+ Kc4 64. Rd1 Bd4 65. Re1 Bc5 66. h4 gxh4 67. g5 Kd4 68. g6 Bf8 69. Re2 Bg7 70. Rh2 h3 71. Rxh3 e2 0-1

[Event "Oberliga Nord O 1617"]
[Site "Germany"]
[Date "2016.11.20"]
[Round "2.1"]
[White "Sawlin, Leonid"]
[Black "Lerch, Philipp"]
[Result "1/2-1/2"]
[WhiteElo "2310"]
[BlackElo "2306"]
[PlyCount "117"]
[EventDate "2016.10.16"]
[EventType "team-tourn"]
[EventRounds "9"]
[EventCountry "GER"]
[SourceTitle "EXT 2018"]
[Source "ChessBase"]
[SourceDate "2017.10.13"]
[SourceVersion "1"]
[SourceVersionDate "2017.10.13"]
[SourceQuality "1"]
[WhiteTeam "Berlin Makkabi"]
[BlackTeam "Kreuzberg"]
[WhiteTeamCountry "GER"]
[BlackTeamCountry "GER"]

1. e4 e5 2. Nf3 Nc6 3. d4 exd4 4. Nxd4 Nf6 5. Nxc6 bxc6 6. e5 Qe7 7. Qe2 Nd5 8. c4 Nb6 9. Nc3 Ba6 10. b3 0-0-0 11. Bb2 Re8 12. f4 f6 13. Ne4 d5 14. Nd2 Nd7 15. Nf3 g5 16. 0-0-0 fxe5 17. Nxe5 Bg7 18. Qg4 Bxe5 19. fxe5 h5 20. Qd4 c5 21. Qxd5 Bb7 22. Qd2 Nxe5 23. Re1 Qd6 24. Qxg5 Nd7 25. Rd1 Rhg8 26. Rxd6 Rxg5 27. Rd2 Re1+ 28. Rd1 Rxd1+ 29. Kxd1 Bxg2 30. Bxg2 Rxg2 31. Kc1 Nf8 32. Re1 Ng6 33. h3 Nf4 34. Re3 Rh2 35. Be5 Rh1+ 36. Kc2 Nxh3 37. Rg3 h4 38. Rg7 Re1 39. Rxc7+ Kd8 40. Rxc5 Ke7 41. Kd2 Re4 42. Bb8 Rg4 43. Ke3 Ng1 44. Rh5 Rg2 45. Rxh4 Rxa2 46. Rh1 Rb2 47. Bxa7 Rxb3+ 48. Ke4 Ne2 49. Kd5 Nf4+ 50. Kc6 Ne6 51. Rh7+ Kf6 52. Rh6+ Ke5 53. Bg1 Rc3 54. Rh4 Kf5 55. Bh2 Kg5 56. Re4 Kf5 57. Re5+ Kf6 58. Kb5 Rh3 59. Rxe6+ 1/2-1/2

[Event "Oberliga Nord O 1617"]
[Site "Germany"]
[Date "2016.10.16"]
[Round "1.1"]
[White "Lerch, Philipp"]
[Black "Rosenthal, Dirk"]
[Result "1-0"]
[WhiteElo "2306"]
[BlackElo "2397"]
[PlyCount "73"]
[EventDate "2016.10.16"]
[EventType "team-tourn"]
[EventRounds "9"]
[EventCountry "GER"]
[SourceTitle "EXT 2018"]
[Source "ChessBase"]
[SourceDate "2017.10.13"]
[SourceVersion "1"]
[SourceVersionDate "2017.10.13"]
[SourceQuality "1"]
[WhiteTeam "Kreuzberg"]
[BlackTeam "Oberschoeneweide"]
[WhiteTeamCountry "GER"]
[BlackTeamCountry "GER"]

1. Nf3 Nf6 2. g3 g6 3. Bg2 Bg7 4. 0-0 d6 5. d4 0-0 6. c4 Nbd7 7. Nc3 e5 8. e4 Re8 9. h3 a6 10. Re1 c6 11. Be3 exd4 12. Nxd4 Nc5 13. Qe2 Qe7 14. Rad1 Bd7 15. b4 Ne6 16. Nb3 b6 17. Qd2 Bf8 18. f4 Bc8 19. Qf2 Nd7 20. f5 Ng7 21. Rf1 Qd8 22. c5 bxc5 23. bxc5 Qf6 24. fxg6 Qxg6 25. cxd6 Ne5 26. Bf4 Bd7 27. Nc5 Rad8 28. N3a4 Bxd6 29. Nb7 Bb8 30. Nxd8 Rxd8 31. Nc5 Nh5 32. Bxe5 Bxe5 33. Nxd7 Bc7 34. e5 Nxg3 35. Nf6+ Kg7 36. Rxd8 Bxd8 37. Qxg3 1-0